| 000 | 00733nam a22002057a 4500 | ||
|---|---|---|---|
| 003 | MX-MxUPN | ||
| 005 | 20250909064000.0 | ||
| 008 | 250905s1993 fr |||||fr||| 100 0 eng d | ||
| 040 |
_aMX-MxUPN _bspa _cMX-MxUPN |
||
| 041 | 1 |
_aeng _afre |
|
| 050 | 1 | 4 |
_aT56.3 _bC6 1993 |
| 111 | 2 |
_aCongreso internacional de decanos de ingeniería y líderes de la industria _d(1993: _cParís) |
|
| 245 | 1 | 0 |
_aActes du congres _bCongress proceedings |
| 260 |
_aParis: _bUnesco: _bThe international union of technical associations and organizations, _c1993 |
||
| 300 | _a582 páginas | ||
| 650 | 4 |
_aEducación superior _932 |
|
| 650 | 4 |
_aIngeniería _xEstudio y enseñanza _919298 |
|
| 902 | _aBerenice Martínez/080925 | ||
| 942 |
_2lcc _cLIBRO _n0 |
||
| 999 |
_c214005 _d214005 |
||